书目信息 |
| 题名: |
中华人民共和国担保法实用知识问答
|
|
| 作者: | 严军兴 主编 | |
| 分册: | ||
| 出版信息: | 北京 科学普及出版社 1996.01 |
|
| 页数: | 260页 | |
| 开本: | 32开 | |
| 丛书名: | ||
| 单 册: | ||
| 中图分类: | D923.3-44 | |
| 科图分类: | ||
| 主题词: | 法律--中国 | |
| 电子资源: | ||
| ISBN: | 7-110-04045-3 | |
| 000 | 00615nam0 2200193 45 | |
| 001 | 0010021077 | |
| 005 | 20001023154938.8 | |
| 010 | @a7-110-04045-3@d12.00元 | |
| 100 | @a20001002d1996 km y0chiy0120 ea | |
| 101 | 0 | @achi |
| 105 | @a z 000yy | |
| 200 | 1 | @a中华人民共和国担保法实用知识问答@AZhong Hua Ren Min Gong He Guo Dan Bao Fa Shi Yong Zhi Shi Wen Da@f严军兴 主编@FYan Jun Xing Zhu Bian |
| 210 | @a北京@c科学普及出版社@d1996.01 | |
| 215 | @a260页@d32开 | |
| 606 | 0 | @a法律@x中国 |
| 690 | @aD923.3-44@v3 | |
| 701 | 0 | @a严军兴@4主编 |
| 801 | @aCN@bPftUser@c20001002 | |
| 905 | @dD923.3-44@eY889@b184065-067@f3 | |
| 中华人民共和国担保法实用知识问答/严军兴 主编.-北京:科学普及出版社,1996.01 |
| 260页;32开 |
| ISBN 7-110-04045-3:12.00元 |
| ● |
| 相关链接 |
|
|
|
正题名:中华人民共和国担保法实用知识问答
索取号:D923.3-44/Y889
 
预约/预借
| 序号 | 登录号 | 条形码 | 馆藏地/架位号 | 状态 | 备注 |
| 1 | 184065 | 201840650 | 社科库509/509社科库 92排3列3层/ [索取号:D923.3-44/Y889] | 在馆 | |
| 2 | 184066 | 201840669 | 社科库509/509社科库 92排3列3层/ [索取号:D923.3-44/Y889] | 在馆 | |
| 3 | 184067 | 201840678 | 社科库509/509社科库 92排3列3层/ [索取号:D923.3-44/Y889] | 在馆 |